00835nam a2200205Ia 4500003000900000008004100009020002200050040001600072080002000088100002400108245012200132260004000254300001500294650004800309650006500357650004500422942000700467999001700474952013800491IN-BaIIA211028s9999 xx 000 0 eng d a978-0-470-19040-1 cIIA Library a621.396.67bSAR aSarkar, T. K932531 0aPhysics of multiantenna systems and broadband processingcT. K Sarkar  aNew JerseybJohn Wiley & Sonsc2008 axxi, 562p. aAntenna arrays - mathematical models932532 aBroadband communication systems - mathematical models932533 aMIMO systems - mathematical model932534 cBK c17261d17261 00104070aBANbBANcGENd2009-05-07eBB g6881.70l0o621.396.67/ SARp18183r2021-11-05v6881.70w2009-05-07yBKGRs. 6881.70